Gender dimensions of alcohol consumption and alcohol-related problems in Latin America and the Caribbean (Record no. 7852)
[ view plain ]
| 000 -LEADER | |
|---|---|
| fixed length control field | 01593nam a2200349Ia 4500 |
| 001 - CONTROL NUMBER | |
| control field | ebr10023656 |
| 003 - CONTROL NUMBER IDENTIFIER | |
| control field | CaPaEBR |
| 006 - FIXED-LENGTH DATA ELEMENTS--ADDITIONAL MATERIAL CHARACTERISTICS--GENERAL INFORMATION | |
| fixed length control field | m u |
| 007 - PHYSICAL DESCRIPTION FIXED FIELD--GENERAL INFORMATION | |
| fixed length control field | cr cn||||||||| |
| 008 - FIXED-LENGTH DATA ELEMENTS--GENERAL INFORMATION | |
| fixed length control field | 020405s2002 dcua sb 000 0 eng d |
| 020 ## - INTERNATIONAL STANDARD BOOK NUMBER | |
| Cancelled/invalid ISBN | 0821351257 |
| 040 ## - CATALOGING SOURCE | |
| Original cataloging agency | CaPaEBR |
| Transcribing agency | CaPaEBR |
| 035 ## - SYSTEM CONTROL NUMBER | |
| System control number | (OCoLC)52474692 |
| 050 14 - LIBRARY OF CONGRESS CALL NUMBER | |
| Classification number | HV5310.5 |
| Item number | .P96 2002eb |
| 100 1# - MAIN ENTRY--PERSONAL NAME | |
| Personal name | Pyne, Hnin Hnin. |
| 245 10 - TITLE STATEMENT | |
| Title | Gender dimensions of alcohol consumption and alcohol-related problems in Latin America and the Caribbean |
| Medium | [electronic resource] / |
| Statement of responsibility, etc | Hnin Hnin Pyne, Mariam Claeson, Maria Correia. |
| 260 ## - PUBLICATION, DISTRIBUTION, ETC. (IMPRINT) | |
| Place of publication, distribution, etc | Washington, D.C. : |
| Name of publisher, distributor, etc | World Bank, |
| Date of publication, distribution, etc | c2002. |
| 300 ## - PHYSICAL DESCRIPTION | |
| Extent | vii, 44 p. : |
| Other physical details | ill. |
| 490 1# - SERIES STATEMENT | |
| Series statement | World Bank discussion paper, |
| International Standard Serial Number | 0259-210X ; |
| Volume number/sequential designation | no. 433 |
| 504 ## - BIBLIOGRAPHY, ETC. NOTE | |
| Bibliography, etc | Includes bibliographical references (p. 41-44). |
| 533 ## - REPRODUCTION NOTE | |
| Type of reproduction | Electronic reproduction. |
| Place of reproduction | Palo Alto, Calif. : |
| Agency responsible for reproduction | ebrary, |
| Date of reproduction | 2009. |
| Note about reproduction | Available via World Wide Web. |
| -- | Access may be limited to ebrary affiliated libraries. |
| 650 #0 - SUBJECT ADDED ENTRY--TOPICAL TERM | |
| Topical term or geographic name as entry element | Drinking of alcoholic beverages |
| Geographic subdivision | Latin America |
| General subdivision | Sex differences. |
| Topical term or geographic name as entry element | Drinking of alcoholic beverages |
| Geographic subdivision | Caribbean Area |
| General subdivision | Sex differences. |
| Topical term or geographic name as entry element | Drinking of alcoholic beverages |
| Geographic subdivision | Latin America |
| Form subdivision | Statistics. |
| Topical term or geographic name as entry element | Drinking of alcoholic beverages |
| Geographic subdivision | Caribbean Area |
| Form subdivision | Statistics. |
| 655 #7 - INDEX TERM--GENRE/FORM | |
| Genre/form data or focus term | Electronic books. |
| Source of term | local |
| 700 1# - ADDED ENTRY--PERSONAL NAME | |
| Personal name | Claeson, Mariam. |
| Personal name | Correia, Maria. |
| 710 2# - ADDED ENTRY--CORPORATE NAME | |
| Corporate name or jurisdiction name as entry element | ebrary, Inc. |
| 830 #0 - SERIES ADDED ENTRY--UNIFORM TITLE | |
| Uniform title | World Bank discussion papers ; |
| Volume number/sequential designation | 433. |
| 856 40 - ELECTRONIC LOCATION AND ACCESS | |
| Uniform Resource Identifier | <a href="http://site.ebrary.com/lib/rucke/Doc?id=10023656">http://site.ebrary.com/lib/rucke/Doc?id=10023656</a> |
| Public note | An electronic book accessible through the World Wide Web; click to view |
No items available.
